Statistics for Portland Trail Blazers: Leading Scorer Every Year

Click here to take the quiz!

General Stats

  • This quiz has been taken 573 times
    (253 since last reset)
  • The average score is 26 of 53

Answer Stats

YearPlayerAverage% Correct
2022-2023Damian Lillard32.2
100%
2021-2022Damian Lillard24.0
100%
2020-2021Damian Lillard28.8
100%
2019-2020Damian Lillard30.0
100%
2018-2019Damian Lillard25.8
100%
2017-2018Damian Lillard26.9
97%
2016-2017Damian Lillard27.0
97%
2015-2016Damian Lillard25.1
97%
1987-1988Clyde Drexler27.0
89%
1994-1995Clyde Drexler22.0
89%
1992-1993Clyde Drexler19.9
89%
1991-1992Clyde Drexler25.0
89%
1990-1991Clyde Drexler21.5
89%
1989-1990Clyde Drexler23.3
89%
1988-1989Clyde Drexler27.2
89%
1977-1978Bill Walton18.9
81%
2011-2012LaMarcus Aldridge21.7
75%
2012-2013LaMarcus Aldridge21.1
75%
2013-2014LaMarcus Aldridge23.2
75%
2014-2015LaMarcus Aldridge23.4
75%
2010-2011LaMarcus Aldridge21.8
75%
2009-2010Brandon Roy21.5
62%
2007-2008Brandon Roy19.1
62%
2008-2009Brandon Roy22.6
62%
2000-2001Rasheed Wallace19.2
41%
1999-2000Rasheed Wallace16.4
41%
2001-2002Rasheed Wallace19.3
41%
2002-2003Rasheed Wallace18.1
41%
1976-1977Maurice Lucas20.2
25%
1978-1979Maurice Lucas20.4
25%
2004-2005Zach Randolph18.9
25%
2003-2004Zach Randolph20.1
25%
2005-2006Zach Randolph18.0
25%
2006-2007Zach Randolph23.6
25%
1993-1994Clifford Robinson20.1
20%
1995-1996Clifford Robinson21.1
20%
1970-1971Geoff Petrie24.8
19%
1972-1973Geoff Petrie24.9
19%
1973-1974Geoff Petrie24.3
19%
1983-1984Jim Paxson21.3
17%
1982-1983Jim Paxson21.7
17%
1980-1981Jim Paxson17.1
17%
1986-1987Kiki Vandeweghe26.9
16%
1985-1986Kiki Vandeweghe24.8
16%
1984-1985Kiki Vandeweghe22.4
16%
1981-1982Mychal Thompson20.8
14%
1971-1972Sidney Wicks24.5
13%
1975-1976Sidney Wicks19.1
13%
1974-1975Sidney Wicks21.7
13%
1998-1999Isaiah Rider13.9
6%
1997-1998Isaiah Rider19.7
6%
1996-1997Kenny Anderson17.5
6%
1979-1980Calvin Natt20.4
4%

Score Distribution

Percentile by Number Answered

Percent of People with Each Score

Your Score History

You have not taken this quiz since the last reset